Pool boy

Saved in:
Bibliographic Details
Main Author: Κουμουνδουρέα, Αφροδίτη
Format: Book
Language:Greek
Published: Αθήνα: Μίνωας, c2004.
Series:Πρώτη γραφή (Μίνωας)
Subjects:
Tags: Add Tag
No Tags, Be the first to tag this record!

MARC

LEADER 00000cam a2200000 a 4500
001 1/119365
008 190627s2004####gr |||||||||||||| ||gre||
020 |a 9606990540  |q (χαρτόδετο) 
040 |a GR-MyUa  |b gre  |c GR-MyUa  |e AACR2 
041 0 |a gre 
082 7 |a 889.3   |2 (23) 
100 1 |a Κουμουνδουρέα, Αφροδίτη. 
245 1 0 |a Pool boy /   |c Αφροδίτη Κουμουνδουρέα.  
260 |a Αθήνα:   |b Μίνωας,   |c c2004.  
300 |a 159 σ. ;   |c 21 εκ.  
490 1 |a (Πρώτη γραφή / Μίνωας) 
650 0 |a Greek fiction, Modern  |y 20th century. 
830 0 |a Πρώτη γραφή (Μίνωας) 
852 |a INST  |b LEMNOS  |e 20190627  |h 889.3 ΚΟΥ  |p 005600002150  |q 005600002150  |t BK  |y 0 
970 |a Πανταζή   |b Αντωνία  |z 27/06/2019